000 01255nam a22004337a 4500
001 0065790
003 KOHA_MİRAKIL
005 20260207004613.0
007 ta
008 200820b2020 tu |||gr||||#0|||0|tur |
020 _a9786057822406
040 _aTR-BiSEU
_btur
_cTR-BiSEU
_erda
041 0 _atur
044 _ctu
050 _aJK734
_b.K68 2020
245 0 _aKovid-19 salgın ve sonrası devlet, demokrasi ve güvenlik/
_chazırlayan Orçun İmga, Ufuk Ayhan.
264 1 _aAnkara :
_bPolis Akademisi
_c2020
300 _a50 sayfa ;
_c24 cm.
336 _ametin
_btxt
_2rdacontent
337 _aaracısız
_bn
_2rdamedia
338 _acilt
_bnc
_2rdacarrier
490 1 _aPolis Akademisi Yayınları ;
_v93.
490 1 _a Rapor No.
490 1 _a ;
_v38
500 _aKaynakça var.
650 0 _aDevlet.
_98800
650 0 _aDemokrasi.
_92890
650 0 _aGüvenlik.
_959237
650 0 _aCOVID-19 (Salgın hastalık).
_9123466
650 0 _aState.
_98802
650 0 _aDemocracy.
_98845
650 0 _aSecurity.
_9123467
650 0 _aCovid-19.
_9123463
830 1 _aPolis Akademisi Yayınları ;
_v93.
_955619
830 1 _a Rapor No.
_9123415
830 1 _a ;
_v38
_91620
907 _aSiyasal Bilimler
942 _2lcc
_cBK
999 _c66125
_d66125